000 00530nam a22001937a 4500
003 OSt
005 20151207142821.0
008 151207b xxu||||| |||| 00| 0 eng d
020 _a1853467324
040 _cDDC.
082 _a375LAT 2001.
100 _aLatham,Claire;Anne ,Miles.
_96515
245 _aCommunication, Curriculum and classroom practice.
260 _aLondon.
_bDavid Fulton.
_c2001
300 _aix,116p
504 _aincludes bibliography and Index.
650 _aClassroom Practice.
_96514
942 _2ddc
_cSLOAN
999 _c2832
_d2832